00343nam a2200109Ia 4500008004100000082001600041100001900057245001800076260004100094300001000135650008800145211119s9999||||xx |||||||||||||| ||und|| a823 bHAY-S aHayes, Kevin J 0aStephen Crane bAtlantic PublishersaNew Delhic2004 axii+9 aEnglish LiteraturevEnglish FictionEnglish NovelShort StoriesEnglishxGeneral Stack